000 00812nam a2200253Ia 4500
003 OSt
005 20221005071314.0
006 a|||||r|||| 00| 0
007 ta
008 221004b |||||||| |||| 00| 0 eng d
020 _a9788173055652
_cINR 2800.00
024 _a35161
037 _b008, 23/08/2017, Classic Book Service
_cTextual
040 _aCRL
_cCRL
_beng
041 _2eng
_aeng
082 _aY33-73.49G, Q6
100 _aJain Shikha Ed.
_9606365
245 0 _aFuture of historic cities
_b uraban historic cities
260 _aNew Delhi
_bAryan Books International India
_c2016
300 _aviii,178p.
_ccm.
650 _aURBANIZATION - ASIA
_9606366
942 _hY33-73.49G, Q6
_cTEXL
_2cc
999 _c977639
_d977639